书目信息 |
| 题名: |
情为水长
|
|
| 作者: | 李文学 著 | |
| 分册: | ||
| 出版信息: | 郑州 黄河水利出版社 2021.12 |
|
| 页数: | 160页 | |
| 开本: | 21cm | |
| 丛书名: | ||
| 单 册: | ||
| 中图分类: | TV882.1 | |
| 科图分类: | ||
| 主题词: | ||
| 电子资源: | ||
| ISBN: | 978-7-5509-3121-3 | |
| 000 | 00897nam0 2200217 450 | |
| 001 | 011025153649 | |
| 005 | 20221025153649.0 | |
| 010 | @a978-7-5509-3121-3@dCNY50.00 | |
| 100 | @a20201004d2021 em y0chiy0120 ea | |
| 101 | 0 | @achi |
| 102 | @aCN@b410000 | |
| 105 | @aa z 000yy | |
| 106 | @ar | |
| 200 | 1 | @a情为水长@Aqing wei shui chang@f李文学著 |
| 210 | @a郑州@c黄河水利出版社@d2021.12 | |
| 215 | @a160页@c彩照@d21cm | |
| 330 | @a本书是作者对黄河无限思考的结晶,文章分两大部分,即走进黄河源和走进西线。是作者考察黄河干流、水利工程、黄土高原及支流而撰写的关于黄河治理开发思考、治黄人物的文章。重点涉及了水文站、东平湖滞洪区、封丘倒灌区、黄河大北干流及小北干流、黑河及黄藏寺及黄河支流无定河、汾河、涑水河、祖厉河、清水河、渭河、洮河等。 | |
| 607 | @a黄河@Ahuang he@x整治@x研究 | |
| 690 | @aTV882.1@v5 | |
| 701 | 0 | @a李文学@Ali wen xue@f(1962-)@4著 |
| 905 | @a河南城建学院图书馆@dTV882.1@eL287 | |
| 情为水长/李文学著.-郑州:黄河水利出版社,2021.12 |
| 160页:彩照;21cm |
| ISBN 978-7-5509-3121-3:CNY50.00 |
| 本书是作者对黄河无限思考的结晶,文章分两大部分,即走进黄河源和走进西线。是作者考察黄河干流、水利工程、黄土高原及支流而撰写的关于黄河治理开发思考、治黄人物的文章。重点涉及了水文站、东平湖滞洪区、封丘倒灌区、黄河大北干流及小北干流、黑河及黄藏寺及黄河支流无定河、汾河、涑水河、祖厉河、清水河、渭河、洮河等。 |
| ● |
| 相关链接 |
|
|
|
正题名:情为水长
索取号:TV882.1/L287
 
预约/预借
| 序号 | 登录号 | 条形码 | 馆藏地/架位号 | 状态 | 备注 |
| 1 | 1588949 | 215889493 | 自科库501/501自科库 48排7列2层/ [索取号:TV882.1/L287] | 在馆 |